152 légendes du foot - Statistiques

Statistiques générales
  • Ce quiz a été pris 1 119 fois
    1 063 depuis la dernière actualisation
  • Le résultat moyen est 18 sur 152
Statistiques - réponses
Hint Réponse % Correct
Portugal Cristiano Ronaldo
85%
Argentine Lionel Messi
82%
France Zinedine Zidane
75%
Brésil Pelé
72%
Italie Paolo Maldini
55%
Brésil Ronaldinho
54%
France Thierry Henry
49%
France Michel Platini
43%
Espagne Andres Iniesta
42%
Angleterre David Beckham
36%
Libéria George Weah
36%
Italie Gianluigi Buffon
36%
Italie Fabio Cannavaro
32%
Allemagne Oliver Kahn
31%
Pays-Bas Marco Van Basten
30%
Brésil Roberto Carlos
30%
Croatie Luka Modric
28%
Angleterre Steven Gerrard
28%
Portugal Eusebio
27%
Brésil Rivaldo
27%
Italie Roberto Baggio
27%
Angleterre Frank Lampard
26%
Brésil Kaka
26%
Portugal Luis Figo
26%
République tchèque Pavel Nedved
25%
Angleterre Michael Owen
24%
Brésil Cafu
23%
France Karim Benzema
23%
France Didier Deschamps
22%
Allemagne Manuel Neuer
22%
France Laurent Blanc
21%
France Patrick Vieira
21%
Argentine Diego Maradona
19%
Brésil Garrincha
19%
France Marcel Desailly
18%
Brésil Zico
18%
Espagne Fernando Torres
16%
France Franck Ribéry
16%
France Just Fontaine
16%
France Lilian Thuram
16%
Brésil Didi
15%
France Eric Cantona
15%
Irlande du nord George Best
15%
Suède Zlatan Ibrahimovic
15%
Allemagne Gerd Muller
13%
Bulgarie Hristo Stoichkov
13%
Brésil Romario
13%
Cameroun Samuel Eto'o
13%
Côte d'Ivoire Didier Drogba
12%
Brésil Ronaldo Nazario
12%
Angleterre Alan Shearer
11%
Croatie Davor Suker
11%
Espagne Xavi Hernandez
11%
Portugal Deco
10%
Pays-Bas Ruud Gullit
10%
Espagne Sergio Ramos
10%
Angleterre Bobby Charlton
9%
Hongrie Ferenc Puskas
9%
Angleterre Wayne Rooney
9%
Espagne Iker Casillas
8%
Argentine Alfredo Di Stefano
7%
Allemagne Franz Beckenbauer
7%
Finlande Jari Litmanen
7%
Danemark Peter Schmeichel
7%
Italie Andrea Pirlo
6%
Pays-Bas Arjen Robben
6%
Angleterre Bobby Moore
6%
Espagne Carles Puyol
6%
Brésil Carlos Alberto
6%
Espagne David Villa
6%
Uruguay Diego Forlan
6%
Ecosse Kenny Dalglish
6%
Russie Lev Yachine
6%
Danemark Michael Laudrup
6%
République tchèque Petr Cech
6%
Pologne Robert Lewandowski
6%
Pays de Galles Ryan Giggs
6%
Italie Alessandro Del Piero
5%
Italie Franco Baresi
5%
France Raymond Kopa
5%
Portugal Rui Costa
5%
Espagne Xabi Alonso
5%
France Claude Makelele
4%
Mexique Hugo Sanchez
4%
Pays-Bas Johann Cruyff
4%
Ghana Michael Essien
4%
Angleterre Paul Scholes
4%
Angleterre Rio Ferdinand
4%
Pays-Bas Ronald Koeman
4%
Pays-Bas Clarence Seedorf
3%
Pays-Bas Edwin Van Der Sar
3%
Italie Francesco Totti
3%
Pays-Bas Frank Rijkaard
3%
Angleterre Ian Rush
3%
Allemagne Matthias Sammer
3%
Italie Paolo Rossi
3%
Allemagne Phillip Lahm
3%
France Robert Pires
3%
Cameroun Roger Milla
3%
Allemagne Bastian Schweinsteiger
2%
Pays-Bas Denis Bergkamp
2%
Espagne Emilio Butragueno
2%
Angleterre Garry Lineker
2%
Italie Gennaro Gattuso
2%
Suède Henrik Larsson
2%
Argentine Hernan Crespo
2%
Allemagne Karl-Heinz Rummenigge
2%
Angleterre Kevin Keegan
2%
Mexique Luis Hernandez
2%
Allemagne Michael Ballack
2%
Pays-Bas Patrick Kluivert
2%
Espagne Raul Gonzalez
2%
Pays-Bas Ruud Van Nistelrooy
2%
Brésil Zizinho
2%
Ukraine Andrey Shevchenko
1%
Brésil Daniel Alves
1%
Écosse Denis Law
1%
Pays-Bas Edgar Davids
1%
Uruguay Enzo Francescoli
1%
Italie Fillipo Inzaghi
1%
Hongrie Florian Albert
1%
Pays-Bas Frank De Boer
1%
Italie Gianfranco Zola
1%
Italie Gianni Rivera
1%
Italie Giuseppe Meazza
1%
République tchèque Josef Bican
1%
Argentine Juan Roman Riquelme
1%
Russie Oleg Blokhine
1%
Hongrie Sandor Kocsis
1%
Allemagne Sepp Maier
1%
Angleterre Sol Campbell
1%
Angleterre Stanley Matthews
1%
Danemark Allan Simonsen
0%
Paraguay Arsenio Erico
0%
Chili Elias Figueroa
0%
Espagne Francisco Gento
0%
Allemagne Fritz Walter
0%
Italie Giacinto Facchetti
0%
Suède Gunnar Nordahl
0%
Uruguay Hector Scarone
0%
République tchèque Josef Masopust
0%
Uruguay José Leandro Andrade
0%
Argentine José Manuel Moreno
0%
Uruguay Juan Alberto Schiaffino
0%
Tchécoslovaque Hongrois Espagnol László Kubala
0%
Espagne Luis Suarez Miramontes
0%
Autriche Matthias Sindelar
0%
Italie Omar Sivori
0%
Italie Sandro Mazzola
0%
Argentine Sebastian Veron
0%
Pérou Teófilo Cubillas
0%
Allemagne Uwe Seeler
0%
Aucun quiz correspondant
Distribution des résultats
% des personnes avec chaque résultat
Percentile par nombre de réponses
Votre historique - résultats
Vous n’avez pas pris ce quiz depuis la dernière actualisation